| 000 | 00530nam a22001697a 4500 | ||
|---|---|---|---|
| 003 | BD-DhUL | ||
| 005 | 20201115104955.0 | ||
| 008 | 181118s1952 pk ||||| |||| 000 0 urd d | ||
| 040 |
_aBD-DhUL _cBD-DhUL |
||
| 082 |
_a891.431 _bAKK |
||
| 100 | 0 | _aاکبر حسن الہ آبادی | |
| 245 | 0 |
_aکلیات اکبر الہ ابادی : _cاکبر حسن الہ آبادی _bحصہ ۱ / |
|
| 260 |
_aکراچی : _bبزم اکبر، _c۔۱۹۵۲ |
||
| 300 |
_aحصہ ۱ ؛ _c۲۷ سم۔ |
||
| 650 | 4 | _aUrdu poetry | |
| 942 |
_2ddc _cBK |
||
| 999 |
_c244741 _d244741 |
||